000 00306nam a2200133Ia 4500
008 191201s2009 xx 000 0 und d
100 _aBLACK,Rex
245 0 _aAdvanced Software Testing Vol-2
250 _aRep
260 _aN.Delhi
_bSPD
_c2009
300 _a547
650 _aB.Tech(IT)
942 _2ddc
_cBK
999 _c4348
_d4348